[Event "Nuremberg Zabo op 12th"]
[Site "Nuremberg"]
[Date "2010.09.18"]
[Round "2"]
[White "Carrillo, Victor"]
[Black "Siegl, Pascal"]
[Result "0-1"]
[WhiteElo "1361"]
[BlackElo "1654"]
[PlyCount "38"]
[EventDate "2010.09.17"]
[EventType "swiss"]
[EventRounds "5"]
[EventCountry "GER"]
[SourceTitle "EXT 2011"]
[Source "ChessBase"]
[SourceDate "2010.11.26"]
[SourceVersion "1"]
[SourceVersionDate "2010.11.26"]
[SourceQuality "1"]

1. e4 e5 2. Nf3 Nc6 3. Bb5 a6 4. Ba4 Nf6 5. 0-0 b5 6. Bb3 Be7 7. Re1 0-0 8. c3 d5 9. exd5 Nxd5 10. Nxe5 Nxe5 11. Rxe5 Nf6 12. Re1 Bd6 13. f3 Bb7 14. d4 Ng4 15. f4 Qh4 16. d5 Qxh2+ 17. Kf1 Qh1+ 18. Ke2 Rae8+ 19. Kd3 Nf2+ 0-1

[Event "Nuremberg LGA Cup 7th"]
[Site "Nuremberg"]
[Date "2010.09.04"]
[Round "5"]
[White "Siegl, Pascal"]
[Black "Finster, Michael"]
[Result "0-1"]
[WhiteElo "1643"]
[BlackElo "2153"]
[PlyCount "64"]
[EventDate "2010.09.02"]
[EventType "swiss"]
[EventRounds "7"]
[EventCountry "GER"]
[SourceTitle "CBM 138 Extra"]
[Source "ChessBase"]
[SourceDate "2010.10.29"]
[SourceVersion "1"]
[SourceVersionDate "2010.10.29"]
[SourceQuality "1"]

1. e4 e5 2. Nf3 Nc6 3. Bc4 Nf6 4. d3 Bc5 5. Bg5 d6 6. h3 h6 7. Bh4 Be6 8. Bb3 a5 9. Nc3 Nd4 10. 0-0 g5 11. Bg3 Rg8 12. Nxd4 Bxd4 13. Bxe6 fxe6 14. Nb5 Bb6 15. c3 Qd7 16. Na3 0-0-0 17. Nc4 Ba7 18. Nxa5 h5 19. Qb3 c6 20. h4 Rdf8 21. hxg5 Rxg5 22. Bh4 Rg4 23. g3 Qg7 24. Kh2 Bxf2 25. Rxf2 Rxh4+ 26. Kg2 Rh2+ 27. Kxh2 Ng4+ 28. Kh1 Nxf2+ 29. Kg2 h4 30. Qxe6+ Kc7 31. g4 Nxg4 32. Rg1 Rf2+ 0-1

[Event "Nuremberg LGA Cup 7th"]
[Site "Nuremberg"]
[Date "2010.09.03"]
[Round "3"]
[White "Demel, Paul"]
[Black "Siegl, Pascal"]
[Result "0-1"]
[WhiteElo "2152"]
[BlackElo "1643"]
[PlyCount "54"]
[EventDate "2010.09.02"]
[EventType "swiss"]
[EventRounds "7"]
[EventCountry "GER"]
[SourceTitle "CBM 138 Extra"]
[Source "ChessBase"]
[SourceDate "2010.10.29"]
[SourceVersion "1"]
[SourceVersionDate "2010.10.29"]
[SourceQuality "1"]

1. e4 e5 2. Nf3 Nc6 3. Bb5 a6 4. Ba4 Nf6 5. 0-0 b5 6. Bb3 Be7 7. d4 Nxd4 8. Bxf7+ Kxf7 9. Nxe5+ Kf8 10. Qxd4 Bb7 11. Nc3 d6 12. Nf3 h6 13. Nh4 Kf7 14. Nf5 Re8 15. Ne3 Kf8 16. Rd1 Nd7 17. f4 d5 18. Ncxd5 Bc5 19. Qd3 Nf6 20. Nxf6 Qxf6 21. e5 Qc6 22. Qe2 Rad8 23. Rf1 Re6 24. Kh1 Qe4 25. Qf3 Qxf3 26. gxf3 Rg6 27. b4 Bxf3+ 0-1

[Event "GER-ch U25"]
[Site "Oberhof"]
[Date "2010.05.29"]
[Round "9"]
[White "Siegl, Pascal"]
[Black "Meiser, Michael"]
[Result "0-1"]
[WhiteElo "1595"]
[BlackElo "1967"]
[PlyCount "74"]
[EventDate "2010.05.22"]
[EventType "swiss"]
[EventRounds "9"]
[EventCountry "GER"]
[SourceTitle "CBM 136 Extra"]
[Source "ChessBase"]
[SourceDate "2010.07.02"]
[SourceVersion "2"]
[SourceVersionDate "2010.07.15"]
[SourceQuality "1"]

1. e4 c5 2. f4 d5 3. exd5 Qxd5 4. Nc3 Qd8 5. Bb5+ Bd7 6. Bxd7+ Qxd7 7. Nf3 Nc6 8. 0-0 e6 9. d3 Nf6 10. Ne4 Be7 11. Be3 b6 12. Qe2 Nd5 13. c3 Rd8 14. Rad1 Qc7 15. g3 0-0 16. Bf2 e5 17. fxe5 Nxe5 18. Nxe5 Qxe5 19. d4 cxd4 20. Bxd4 Qe6 21. Rde1 Rfe8 22. Qf3 Qg6 23. Re2 Nc7 24. Nd2 Ne6 25. Rfe1 Rxd4 26. Rxe6 fxe6 27. cxd4 Bf6 28. Qe4 Qxe4 29. Rxe4 Rc8 30. Nf3 Rc2 31. Rxe6 Rxb2 32. d5 Rxa2 33. d6 Ra1+ 34. Kf2 Kf7 35. Re3 Rd1 36. Ra3 a5 37. Rb3 Rxd6 0-1

[Event "GER-ch U25"]
[Site "Oberhof"]
[Date "2010.05.26"]
[Round "6"]
[White "Carow, Annelen"]
[Black "Siegl, Pascal"]
[Result "1-0"]
[WhiteElo "1773"]
[BlackElo "1595"]
[PlyCount "73"]
[EventDate "2010.05.22"]
[EventType "swiss"]
[EventRounds "9"]
[EventCountry "GER"]
[SourceTitle "CBM 136 Extra"]
[Source "ChessBase"]
[SourceDate "2010.07.02"]
[SourceVersion "2"]
[SourceVersionDate "2010.07.15"]
[SourceQuality "1"]

1. d4 d5 2. c4 e5 3. dxe5 d4 4. Nf3 c5 5. g3 Nc6 6. Bg2 Be6 7. Nbd2 Nge7 8. Ne4 Ng6 9. b3 h6 10. 0-0 Qd7 11. Ba3 b6 12. Qc1 Bh3 13. e3 Bxg2 14. Kxg2 Qg4 15. Nd6+ Bxd6 16. exd6 0-0 17. Qd1 Rad8 18. exd4 Nxd4 19. Nxd4 Qxd4 20. Qxd4 cxd4 21. Rfd1 Rd7 22. Rxd4 f6 23. Re1 Kf7 24. Rde4 Rfd8 25. f4 h5 26. Rd4 h4 27. Red1 hxg3 28. hxg3 Re8 29. Kf3 Rh8 30. b4 Rh2 31. R1d2 Rxd2 32. Rxd2 Ke8 33. c5 b5 34. c6 Rf7 35. Bb2 Kd8 36. Bd4 Nf8 37. Re2 1-0

[Event "GER-ch U25"]
[Site "Oberhof"]
[Date "2010.05.24"]
[Round "3"]
[White "Siegl, Pascal"]
[Black "Bauch, Florian"]
[Result "1-0"]
[WhiteElo "1595"]
[BlackElo "1251"]
[PlyCount "49"]
[EventDate "2010.05.22"]
[EventType "swiss"]
[EventRounds "9"]
[EventCountry "GER"]
[SourceTitle "CBM 136 Extra"]
[Source "ChessBase"]
[SourceDate "2010.07.02"]
[SourceVersion "2"]
[SourceVersionDate "2010.07.15"]
[SourceQuality "1"]

1. e4 e5 2. Nf3 Nf6 3. Nc3 Bb4 4. Bc4 Nc6 5. a3 Bxc3 6. dxc3 0-0 7. Bg5 h6 8. Bh4 d6 9. Qd3 Qe7 10. Nd2 Be6 11. f3 Rfd8 12. 0-0-0 a6 13. g4 g5 14. Bg3 d5 15. exd5 Nxd5 16. Qe2 Nxc3 17. bxc3 Qxa3+ 18. Kb1 Qxc3 19. Bxe6 fxe6 20. Nb3 Nd4 21. Rxd4 exd4 22. Qxe6+ Kf8 23. Qxh6+ Ke8 24. Re1+ Kd7 25. Qe6# 1-0

[Event "Mittelfranken-ch QT 59th"]
[Site "Forchheim"]
[Date "2010.04.02"]
[Round "6"]
[White "Babichev, Vyacheslav"]
[Black "Siegl, Pascal"]
[Result "0-1"]
[WhiteElo "1702"]
[BlackElo "1576"]
[PlyCount "140"]
[EventDate "2010.03.31"]
[EventType "swiss"]
[EventRounds "7"]
[EventCountry "GER"]
[SourceTitle "EXT 2011"]
[Source "ChessBase"]
[SourceDate "2010.11.26"]
[SourceVersion "1"]
[SourceVersionDate "2010.11.26"]
[SourceQuality "1"]

1. c4 g6 2. d4 Bg7 3. e4 d6 4. Nc3 Nf6 5. Be3 0-0 6. Qd2 Ng4 7. Bg5 f6 8. Bh4 e5 9. d5 Nd7 10. b4 a5 11. b5 Nc5 12. h3 Nh6 13. a4 Qe8 14. Qc2 f5 15. f3 Qf7 16. Be2 Bd7 17. g4 fxe4 18. fxe4 Qf4 19. Nf3 Nf7 20. Rf1 b6 21. Ra3 h5 22. Ng1 Qh6 23. gxh5 gxh5 24. Nd1 Ng5 25. Nf2 Rf4 26. Bg3 Rf7 27. h4 Ngxe4 28. Nxe4 Rxf1+ 29. Bxf1 Nxe4 30. Ne2 Nxg3 31. Rxg3 Rf8 32. Bh3 Bxh3 33. Rxh3 Qf6 34. Ng3 Qf3 35. Qd2 Qg4 36. Qh2 Qxc4 37. Qe2 Qc1+ 38. Qd1 Qe3+ 39. Qe2 Qg1+ 40. Nf1 Qg4 41. Qxg4 hxg4 42. Rc3 Rf7 43. Rc4 Kh7 44. Rxg4 Rf4 45. Rxf4 exf4 46. Nh2 Kg6 47. Nf3 Bf6 48. Ke2 Kh5 49. Kd3 Bxh4 50. Nd4 Kg4 51. Ke2 f3+ 52. Kf1 Kf4 53. Ne6+ Ke4 54. Nxc7 Kd4 55. Kg1 Bg3 56. Kf1 Bf4 57. Kf2 Ke4 58. Kf1 Be3 59. Ke1 Kd4 60. Kf1 Kc4 61. Ke1 Kb3 62. Ne8 Bc5 63. Nf6 Kxa4 64. Ne4 Kxb5 65. Nd2 f2+ 66. Ke2 Kb4 67. Kd1 Be3 68. Nf1 Bf4 69. Kc2 Kc4 70. Kb2 Kd3 0-1

[Event "Mittelfranken-ch QT 59th"]
[Site "Forchheim"]
[Date "2010.04.01"]
[Round "4"]
[White "Siegl, Pascal"]
[Black "Meulner, Fabian"]
[Result "1-0"]
[WhiteElo "1576"]
[BlackElo "1256"]
[PlyCount "47"]
[EventDate "2010.03.31"]
[EventType "swiss"]
[EventRounds "7"]
[EventCountry "GER"]
[SourceTitle "EXT 2011"]
[Source "ChessBase"]
[SourceDate "2010.11.26"]
[SourceVersion "1"]
[SourceVersionDate "2010.11.26"]
[SourceQuality "1"]

1. e4 c6 2. d4 d5 3. e5 c5 4. Nf3 Bg4 5. c3 e6 6. h3 Bxf3 7. Qxf3 Nc6 8. Bb5 Qb6 9. Bxc6+ bxc6 10. Qd1 Nh6 11. 0-0 Nf5 12. dxc5 Bxc5 13. b4 Be7 14. a4 0-0 15. a5 Qa6 16. Na3 Rfc8 17. Qa4 Qd3 18. Bb2 Qd2 19. Nc2 Bh4 20. Qb3 Rc7 21. Bc1 Qe2 22. Ne3 Bxf2+ 23. Rxf2 Nxe3 24. Rxe2 1-0

[Event "Mittelfranken-chTB2a 0910"]
[Site "Mittelfranken"]
[Date "2010.01.31"]
[Round "6.8"]
[White "Weyer, Gunther"]
[Black "Siegl, Pascal"]
[Result "1/2-1/2"]
[WhiteElo "1547"]
[BlackElo "1611"]
[PlyCount "67"]
[EventDate "2009.10.11"]
[EventType "team-tourn"]
[EventRounds "9"]
[EventCountry "GER"]
[SourceTitle "EXT 2011"]
[Source "ChessBase"]
[SourceDate "2010.11.26"]
[SourceVersion "1"]
[SourceVersionDate "2010.11.26"]
[SourceQuality "1"]
[WhiteTeam "Buechenbach/Roth III"]
[BlackTeam "Nuernberg Sued SW III"]
[WhiteTeamCountry "GER"]
[BlackTeamCountry "GER"]

1. d4 d5 2. Nf3 c5 3. e3 Nc6 4. c4 e6 5. Nc3 Nf6 6. Be2 Be7 7. b3 0-0 8. 0-0 b6 9. cxd5 exd5 10. Bb2 Bb7 11. Rc1 Rc8 12. Bd3 Qd7 13. Bb5 Qd6 14. Ne2 a6 15. Bd3 Nb4 16. Bb1 Nd7 17. a3 Nc6 18. Ng3 g6 19. Re1 Bf6 20. dxc5 bxc5 21. Ne4 Qe6 22. Nxf6+ Nxf6 23. Bxf6 Qxf6 24. Rxc5 Qe7 25. b4 Rfd8 26. Nd4 Ne5 27. Rxc8 Rxc8 28. Bd3 Qh4 29. Be2 Qe7 30. h3 Rc3 31. Qa4 Nc4 32. Bxc4 dxc4 33. Qa5 Rd3 34. Qc5 1/2-1/2

[Event "Mittelfranken Mitte-ch 0910"]
[Site "Zirndorf"]
[Date "2010.01.09"]
[Round "7"]
[White "Gawlas, Gunder"]
[Black "Siegl, Pascal"]
[Result "1/2-1/2"]
[WhiteElo "1603"]
[BlackElo "1595"]
[PlyCount "29"]
[EventDate "2010.01.03"]
[EventType "swiss"]
[EventRounds "7"]
[EventCountry "GER"]
[SourceTitle "EXT 2015"]
[Source "ChessBase"]
[SourceDate "2014.11.20"]
[SourceVersion "1"]
[SourceVersionDate "2014.11.20"]
[SourceQuality "1"]

1. e4 e5 2. Nf3 Nc6 3. Nc3 Bc5 4. Be2 f5 5. exf5 Nf6 6. d3 d5 7. 0-0 0-0 8. h3 Bxf5 9. Nh2 Qd7 10. Bf3 Rae8 11. Bg5 e4 12. dxe4 Bxe4 13. Bxf6 Bxf3 14. Nxf3 Rxf6 15. Qxd5+ 1/2-1/2

[Event "Mittelfranken Mitte-ch 0910"]
[Site "Zirndorf"]
[Date "2010.01.09"]
[Round "6"]
[White "Siegl, Pascal"]
[Black "Woerl, Richard"]
[Result "0-1"]
[WhiteElo "1595"]
[BlackElo "2021"]
[PlyCount "66"]
[EventDate "2010.01.03"]
[EventType "swiss"]
[EventRounds "7"]
[EventCountry "GER"]
[SourceTitle "EXT 2015"]
[Source "ChessBase"]
[SourceDate "2014.11.20"]
[SourceVersion "1"]
[SourceVersionDate "2014.11.20"]
[SourceQuality "1"]

1. e4 c5 2. f4 e6 3. Nf3 d5 4. Bb5+ Bd7 5. Bxd7+ Nxd7 6. exd5 exd5 7. 0-0 Bd6 8. d4 Ne7 9. c3 0-0 10. Na3 Qb6 11. Nc2 Qc7 12. Ne5 f6 13. Nxd7 Qxd7 14. Rf3 Rfe8 15. Rh3 Nf5 16. Qd3 Re4 17. dxc5 Bxc5+ 18. Be3 Nxe3 19. Nxe3 Rae8 20. Re1 Qe6 21. Kf2 Rxf4+ 22. Kg1 Re4 23. Kf2 f5 24. b4 Bb6 25. a4 f4 26. a5 Bxe3+ 27. Kf1 f3 28. Rxf3 Rf8 29. Rxf8+ Kxf8 30. Re2 Qf5+ 31. Ke1 Bg1 32. Kd1 Qf1+ 33. Kd2 Rxe2+ 0-1

[Event "Nuremberg LGA Cup 6th"]
[Site "Nuremberg"]
[Date "2009.09.05"]
[Round "5"]
[White "Dreiseitel, Werner"]
[Black "Siegl, Pascal"]
[Result "0-1"]
[WhiteElo "1476"]
[BlackElo "1596"]
[PlyCount "108"]
[EventDate "2009.09.03"]
[EventType "swiss"]
[EventRounds "7"]
[EventCountry "GER"]
[SourceTitle "CBM 132 Extra"]
[Source "ChessBase"]
[SourceDate "2009.11.03"]
[SourceVersion "1"]
[SourceVersionDate "2009.11.03"]
[SourceQuality "1"]

1. d4 d5 2. c4 e6 3. Nc3 Bb4 4. Bd2 Nf6 5. Nf3 b6 6. e3 Ba6 7. Qa4+ b5 8. Qxb4 bxc4 9. Qa4+ c6 10. Be2 0-0 11. 0-0 Qb6 12. b3 Bb5 13. Qa3 Nbd7 14. bxc4 Bxc4 15. Bxc4 dxc4 16. Rab1 Qc7 17. Rb4 Nb6 18. Ne5 Nfd5 19. Rb2 f6 20. Nf3 Rfd8 21. Ne4 c3 22. Bxc3 Nc4 23. Qb3 Nxb2 24. Qxb2 Rab8 25. Qc2 Nxc3 26. Qxc3 Kf7 27. Nc5 Qb6 28. Qb3 Qxb3 29. axb3 Rb5 30. Rb1 e5 31. Rd1 Rxc5 32. Kf1 exd4 33. Nxd4 Rcd5 34. Rc1 c5 35. Nc6 Rd1+ 36. Rxd1 Rxd1+ 37. Ke2 Rb1 38. Nxa7 Rb2+ 39. Kf3 Rxb3 40. Nc6 Ke6 41. Ke4 Kd6 42. Na5 Rb4+ 43. Kd3 Kd5 44. e4+ Rxe4 45. Nb7 c4+ 46. Kc3 Re2 47. Na5 Re1 48. Kd2 Ra1 49. Nb7 Ra2+ 50. Kc3 Rxf2 51. Na5 Rxg2 52. Nxc4 Rxh2 53. Ne3+ Ke4 54. Ng4 Rg2 0-1

[Event "Nuremberg LGA Cup 6th"]
[Site "Nuremberg"]
[Date "2009.09.04"]
[Round "2"]
[White "Vogiatzis, Dimitrios"]
[Black "Siegl, Pascal"]
[Result "1-0"]
[WhiteElo "2053"]
[BlackElo "1596"]
[PlyCount "91"]
[EventDate "2009.09.03"]
[EventType "swiss"]
[EventRounds "7"]
[EventCountry "GER"]
[SourceTitle "CBM 132 Extra"]
[Source "ChessBase"]
[SourceDate "2009.11.03"]
[SourceVersion "1"]
[SourceVersionDate "2009.11.03"]
[SourceQuality "1"]

1. e4 e5 2. Nf3 Nc6 3. Bb5 a6 4. Ba4 Bc5 5. c3 Qf6 6. 0-0 d6 7. d4 exd4 8. cxd4 Ba7 9. d5 b5 10. dxc6 bxa4 11. Nc3 Bg4 12. Nd5 Qd8 13. Qxa4 Bxf3 14. gxf3 Ne7 15. Bg5 f6 16. Be3 0-0 17. Kh1 Re8 18. Rad1 Kh8 19. Rg1 Bxe3 20. fxe3 f5 21. Qd4 Rg8 22. Nxe7 Qxe7 23. exf5 Qf7 24. Qd5 Qxd5 25. Rxd5 Rab8 26. Rg2 Rb6 27. Rc2 Rgb8 28. Rdd2 Rb5 29. e4 Ra5 30. b3 Rbb5 31. Kg2 Kg8 32. Kf2 Kf7 33. Ke3 Kf6 34. Kf4 Re5 35. h4 d5 36. b4 Rb5 37. Rd4 a5 38. a3 a4 39. Ke3 g6 40. fxg6 hxg6 41. Kf4 dxe4 42. fxe4 Re7 43. Rd5 Rxd5 44. exd5 Re5 45. d6 Re8 46. d7 1-0

[Event "Mittelfranken Mitte-ch 0809"]
[Site "Zirndorf"]
[Date "2009.01.10"]
[Round "4"]
[White "Vogiatzis, Dimitrios"]
[Black "Siegl, Pascal"]
[Result "1-0"]
[WhiteElo "1972"]
[BlackElo "1531"]
[PlyCount "41"]
[EventDate "2009.01.06"]
[EventType "swiss"]
[EventRounds "7"]
[EventCountry "GER"]
[SourceTitle "EXT 2015"]
[Source "ChessBase"]
[SourceDate "2014.11.20"]
[SourceVersion "1"]
[SourceVersionDate "2014.11.20"]
[SourceQuality "1"]

1. e4 e5 2. Nf3 Nc6 3. d4 exd4 4. Bc4 Bc5 5. c3 dxc3 6. 0-0 d6 7. Nxc3 Be6 8. Bxe6 fxe6 9. Qb3 Qc8 10. Ng5 Nd4 11. Qd1 Nf6 12. Be3 e5 13. Bxd4 Bxd4 14. Qb3 Rf8 15. Ne6 Rf7 16. Nb5 Bb6 17. Rac1 a6 18. Nxd6+ cxd6 19. Rxc8+ Rxc8 20. Qxb6 Rc6 21. Qd8# 1-0

[Event "Mittelfranken Mitte-ch 0809"]
[Site "Zirndorf"]
[Date "2009.01.06"]
[Round "2"]
[White "Ahlich, Thomas"]
[Black "Siegl, Pascal"]
[Result "0-1"]
[WhiteElo "1885"]
[BlackElo "1531"]
[PlyCount "76"]
[EventDate "2009.01.06"]
[EventType "swiss"]
[EventRounds "7"]
[EventCountry "GER"]
[SourceTitle "EXT 2015"]
[Source "ChessBase"]
[SourceDate "2014.11.20"]
[SourceVersion "1"]
[SourceVersionDate "2014.11.20"]
[SourceQuality "1"]

1. Nf3 d5 2. b3 c5 3. Bb2 e6 4. e3 Nc6 5. Be2 Bd7 6. c4 Nf6 7. 0-0 a6 8. d4 cxd4 9. exd4 Be7 10. Ne5 Bd6 11. Nd2 0-0 12. Nxd7 Qxd7 13. Nf3 Rac8 14. c5 Be7 15. a3 a5 16. Bb5 Qc7 17. Re1 b6 18. cxb6 Qxb6 19. Bd3 Rb8 20. Bc2 Rfc8 21. Qd3 a4 22. Re3 Na5 23. Nd2 Bd6 24. Rb1 Bf4 25. Rf3 Bxd2 26. Qxd2 axb3 27. Bd3 Nc4 28. Bxc4 Rxc4 29. Qg5 Ne4 30. Qf4 f6 31. Bc1 Nc3 32. Rb2 g5 33. Qxf6 Ne2+ 34. Kf1 Rxc1+ 35. Kxe2 Qa6+ 36. Kd2 Qa5+ 37. Ke2 Qe1+ 38. Kd3 Rc3# 0-1

[Event "Nuremberg Zabo op 10th"]
[Site "Nuremberg"]
[Date "2008.09.21"]
[Round "5"]
[White "Lingl, Peter"]
[Black "Siegl, Pascal"]
[Result "1-0"]
[WhiteElo "1390"]
[BlackElo "1471"]
[PlyCount "107"]
[EventDate "2008.09.19"]
[EventType "swiss"]
[EventRounds "5"]
[EventCountry "GER"]
[SourceTitle "EXT 2012"]
[Source "ChessBase"]
[SourceDate "2011.11.24"]
[SourceVersion "1"]
[SourceVersionDate "2011.11.24"]
[SourceQuality "1"]

1. e4 e5 2. Nf3 Nc6 3. d4 exd4 4. Nxd4 Nxd4 5. Qxd4 c5 6. Qe5+ Qe7 7. Qxe7+ Bxe7 8. Bf4 b6 9. Nc3 Bb7 10. 0-0-0 0-0-0 11. Rg1 Nf6 12. h3 d5 13. e5 Nh5 14. Bh2 d4 15. Be2 dxc3 16. Bg4+ Kc7 17. e6+ Bd6 18. e7 cxb2+ 19. Kb1 Bxh2 20. Rxd8 Rxd8 21. exd8Q+ Kxd8 22. Rd1+ Ke7 23. Rd7+ Kf6 24. Rxb7 Nf4 25. Bf3 Ne6 26. Kxb2 Bg1 27. Rxa7 b5 28. c3 Bxf2 29. a3 Bg3 30. Ra5 b4 31. axb4 cxb4 32. cxb4 Be5+ 33. Kb3 Nd4+ 34. Kc4 Nxf3 35. gxf3 Kf5 36. Rd5 Kf4 37. b5 f5 38. b6 Bb8 39. b7 h5 40. Kb5 g6 41. Rd8 Bc7 42. Rg8 g5 43. Kc4 g4 44. fxg4 fxg4 45. hxg4 hxg4 46. b8Q Bxb8 47. Rxb8 Kf3 48. Rf8+ Kg2 49. Kd3 g3 50. Ke2 Kh1 51. Rh8+ Kg1 52. Rg8 Kg2 53. Ke3 Kf1 54. Kf3 1-0

[Event "Seebach op 19th"]
[Site "Grossenseebach"]
[Date "2008.05.22"]
[Round "2"]
[White "Siegl, Pascal"]
[Black "Belzner, Helmut"]
[Result "0-1"]
[WhiteElo "1601"]
[BlackElo "2021"]
[PlyCount "64"]
[EventDate "2008.05.25"]
[EventType "swiss"]
[EventRounds "7"]
[EventCountry "GER"]
[SourceTitle "EXT 2018"]
[Source "ChessBase"]
[SourceDate "2017.10.13"]
[SourceVersion "1"]
[SourceVersionDate "2017.10.13"]
[SourceQuality "1"]

1. e4 e6 2. d4 d5 3. exd5 exd5 4. Nf3 Bd6 5. Nc3 c6 6. Bd3 Bg4 7. h3 Bh5 8. 0-0 Ne7 9. Be3 Nd7 10. Be2 Qc7 11. Qd3 0-0-0 12. Ng5 Bg6 13. Qd2 h6 14. Nf3 f5 15. Qd1 Nf6 16. Bd3 Bh5 17. Be2 g5 18. Ne5 Bxe2 19. Nxe2 f4 20. Nf7 fxe3 21. fxe3 Ne4 22. Nxh8 Rxh8 23. Rf3 Ng6 24. Qd3 Nh4 25. Rff1 Rg8 26. c4 g4 27. Nf4 Bxf4 28. Rxf4 gxh3 29. g4 h2+ 30. Kxh2 Rxg4 31. Rg1 Nf3+ 32. Kh3 Nf2# 0-1

[Event "Mittelfranken Mitte-ch 0708"]
[Site "Zirndorf"]
[Date "2008.01.19"]
[Round "7"]
[White "Woerl, Richard"]
[Black "Siegl, Pascal"]
[Result "1-0"]
[WhiteElo "1913"]
[BlackElo "1366"]
[PlyCount "49"]
[EventDate "2008.01.04"]
[EventType "swiss"]
[EventRounds "7"]
[EventCountry "GER"]
[SourceTitle "EXT 2015"]
[Source "ChessBase"]
[SourceDate "2014.11.20"]
[SourceVersion "1"]
[SourceVersionDate "2014.11.20"]
[SourceQuality "1"]

1. e4 e5 2. Nf3 Nc6 3. d4 exd4 4. Nxd4 Nxd4 5. Qxd4 c5 6. Qa4 b6 7. Nc3 Bb7 8. Bf4 Nf6 9. 0-0-0 Bc6 10. Bb5 Bxb5 11. Nxb5 Be7 12. Nc7+ Kf8 13. Nxa8 Qxa8 14. e5 Nh5 15. Be3 f6 16. g4 fxe5 17. gxh5 Kf7 18. Qxd7 Rd8 19. Qf5+ Bf6 20. Qxh7 Rxd1+ 21. Rxd1 Qg2 22. Qg6+ Qxg6 23. hxg6+ Kxg6 24. Rd7 a5 25. Rd6 1-0

[Event "Mittelfranken Mitte-ch 0708"]
[Site "Zirndorf"]
[Date "2008.01.18"]
[Round "6"]
[White "Siegl, Pascal"]
[Black "Puehn, Georg"]
[Result "1-0"]
[WhiteElo "1366"]
[BlackElo "1821"]
[PlyCount "43"]
[EventDate "2008.01.04"]
[EventType "swiss"]
[EventRounds "7"]
[EventCountry "GER"]
[SourceTitle "EXT 2015"]
[Source "ChessBase"]
[SourceDate "2014.11.20"]
[SourceVersion "1"]
[SourceVersionDate "2014.11.20"]
[SourceQuality "1"]

1. e4 e5 2. Nf3 Nc6 3. Bc4 Bc5 4. Nc3 Nf6 5. d3 d6 6. Bg5 h6 7. Bh4 g5 8. Bxg5 hxg5 9. Nxg5 d5 10. exd5 Na5 11. Nge4 Bb4 12. Bb5+ c6 13. dxc6 Nxc6 14. Bxc6+ bxc6 15. Qf3 Nd5 16. Qg3 Qe7 17. a3 Nxc3 18. Nxc3 Ba5 19. Kd2 c5 20. Rae1 f6 21. f4 Rh5 22. Qf3 1-0

[Event "Mittelfranken Mitte-ch 0708"]
[Site "Zirndorf"]
[Date "2008.01.06"]
[Round "5"]
[White "Siegl, Pascal"]
[Black "Hofer, Stefan1"]
[Result "1-0"]
[WhiteElo "1366"]
[BlackElo "1433"]
[PlyCount "83"]
[EventDate "2008.01.04"]
[EventType "swiss"]
[EventRounds "7"]
[EventCountry "GER"]
[SourceTitle "EXT 2015"]
[Source "ChessBase"]
[SourceDate "2014.11.20"]
[SourceVersion "1"]
[SourceVersionDate "2014.11.20"]
[SourceQuality "1"]

1. e4 e5 2. Nf3 Nc6 3. Bc4 Nf6 4. Nc3 Nxe4 5. Nxe4 d5 6. Bd3 dxe4 7. Bxe4 Bd7 8. Qe2 f6 9. 0-0 Bc5 10. d3 Qe7 11. Be3 0-0-0 12. Rfb1 Bg4 13. h3 Bh5 14. Bxc6 bxc6 15. a3 Bb6 16. b4 Kb7 17. a4 Ka8 18. Bxb6 cxb6 19. Qe4 Qb7 20. a5 Kb8 21. Nxe5 Rhe8 22. Nxc6+ Kc7 23. axb6+ axb6 24. Nxd8 Qxe4 25. dxe4 Kxd8 26. Ra8+ Ke7 27. Rxe8+ Bxe8 28. f3 b5 29. Ra1 Kf7 30. Ra7+ Kg6 31. Kf2 h5 32. Rc7 Kh6 33. c4 g6 34. cxb5 Bxb5 35. Rc5 Bd7 36. Rd5 Bc8 37. Rc5 Bd7 38. b5 f5 39. exf5 Kg5 40. fxg6+ Kh4 41. g7 Bxb5 42. Rxh5+ 1-0